000 00516nam a2200193Ia 4500
005 20250508154949.0
008 008 250505s9999 xx 000 0 eng d
037 _aTextual
040 _aFEDL
_beng
_cFEDL
041 _aeng
_2eng
084 _a371, STI
_qFEDL
100 _aStinnett T M
245 0 _aProfessional problems of teachers
250 _a3rd
260 _aNew York, USA
_bThe Macmillan Company
_c1968
300 _axiii,541p.
942 _cTEXL
_h371, STI
999 _c1353166
_d1353166